Statistics for Beatles Songs

Click here to take the quiz!

General Stats

  • This quiz has been taken 20 times
  • The average score is 4 of 6

Answer Stats

HintAnswer% Correct
Mother Mary Comes To Me, Speaking Words
Of Wisdom, ___ __ __
Let It Be
100%
Take A Sad Song, And Make It BetterHey Jude
94%
Sun, Sun, Sun, Here We ComeHere Comes The Sun
82%
____ ________, Right Now, Over MeCome Together
59%
__ __ __, __ __ __, Life Goes On BrahOb-La-Di Ob-La-Da
53%
Somewhere In Her Smile, She Knows
That I Don’t Need No Lover
Something
41%

Score Distribution

Percentile by Number Answered

Percent of People with Each Score

Your Score History

You have not taken this quiz